[Event "Chioggia op-B 11th"]
[Site "Chioggia"]
[Date "2016.10.08"]
[Round "3"]
[White "Maniero, Andrea"]
[Black "Boerci, Roberto"]
[Result "1/2-1/2"]
[WhiteElo "1897"]
[BlackElo "1615"]
[PlyCount "72"]
[EventDate "2016.10.07"]
[EventType "swiss"]
[EventRounds "5"]
[EventCountry "ITA"]
[SourceTitle "EXT 2022"]
[Source "ChessBase"]
[SourceDate "2021.10.06"]
[SourceVersion "1"]
[SourceVersionDate "2021.10.06"]
[SourceQuality "1"]

1. e4 d6 2. d4 Nf6 3. Nc3 e5 4. dxe5 dxe5 5. Qxd8+ Kxd8 6. Bg5 Be6 7. Nf3 Nbd7 8. 0-0-0 Kc8 9. Bxf6 gxf6 10. Nh4 c6 11. Nf5 Kc7 12. Be2 Bb4 13. Rd3 Bxf5 14. exf5 Nc5 15. Rg3 Rhg8 16. Nd1 Ne4 17. Rg4 Bd2+ 18. Kb1 Nd6 19. Rxg8 Rxg8 20. g4 Rd8 21. f3 b5 22. Nf2 Be3 23. Nd1 Bd2 24. h4 h6 25. Bd3 Re8 26. c3 e4 27. fxe4 Nxe4 28. Kc2 Bf4 29. Bxe4 Rxe4 30. Kd3 Re8 31. Rg1 a6 32. b3 c5 33. a4 Kc6 34. Rg2 Rd8+ 35. Kc2 Rd7 36. Re2 Bg3 1/2-1/2

[Event "Trento op"]
[Site "Trento"]
[Date "2008.03.29"]
[Round "2"]
[White "Boerci, Roberto"]
[Black "Kirchner, Davide"]
[Result "1-0"]
[WhiteElo "1614"]
[BlackElo "1422"]
[PlyCount "69"]
[EventDate "2008.03.28"]
[EventType "swiss"]
[EventRounds "5"]
[EventCountry "ITA"]
[SourceTitle "EXT 2011"]
[Source "ChessBase"]
[SourceDate "2010.11.26"]
[SourceVersion "1"]
[SourceVersionDate "2010.11.26"]
[SourceQuality "1"]

1. Nf3 d5 2. g3 Bg4 3. Bg2 e6 4. d3 Nf6 5. Nbd2 Be7 6. 0-0 c5 7. c3 0-0 8. h3 Bh5 9. e4 Nc6 10. Qe1 Re8 11. e5 Nd7 12. Nb3 Rc8 13. Bf4 b5 14. d4 cxd4 15. Nbxd4 a6 16. h4 Qb6 17. Nxc6 Rxc6 18. Be3 Qb7 19. Bd4 Rec8 20. Qe3 b4 21. Rfe1 Nc5 22. Nd2 Qc7 23. c4 Qd7 24. b3 Rf8 25. Bh3 f6 26. exf6 Bxf6 27. Bxf6 Rxf6 28. cxd5 Qxd5 29. Bg2 Qd6 30. Bxc6 Qxc6 31. Rac1 Bg4 32. Rxc5 Qb7 33. Qe4 Qd7 34. Qxb4 Kf7 35. Ne4 1-0

[Event "Treviso TWE op-B 31st"]
[Site "Treviso"]
[Date "2007.12.09"]
[Round "4.4"]
[White "Boerci, Roberto"]
[Black "Marson, Antonio"]
[Result "1/2-1/2"]
[WhiteElo "1587"]
[BlackElo "1823"]
[PlyCount "38"]
[EventDate "2007.12.07"]
[EventType "swiss"]
[EventRounds "5"]
[EventCountry "ITA"]
[SourceTitle "EXT 2024"]
[Source "ChessBase"]
[SourceDate "2023.10.10"]
[SourceVersion "1"]
[SourceVersionDate "2023.10.10"]
[SourceQuality "1"]

1. Nf3 b6 2. g3 Bb7 3. Bg2 d6 4. d3 e6 5. e4 h6 6. Nbd2 g6 7. 0-0 Bg7 8. Rb1 Nd7 9. b3 Ne7 10. Bb2 0-0 11. Bxg7 Kxg7 12. h3 Re8 13. Nh2 d5 14. Re1 c5 15. c4 d4 16. Ndf3 Ne5 17. Qd2 N5c6 18. e5 Qc7 19. Ng4 Rh8 1/2-1/2

[Event "Treviso TWE op-B 31st"]
[Site "Treviso"]
[Date "2007.12.08"]
[Round "3.9"]
[White "Rigato, Leonardo"]
[Black "Boerci, Roberto"]
[Result "0-1"]
[WhiteElo "1595"]
[BlackElo "1587"]
[PlyCount "110"]
[EventDate "2007.12.07"]
[EventType "swiss"]
[EventRounds "5"]
[EventCountry "ITA"]
[SourceTitle "EXT 2024"]
[Source "ChessBase"]
[SourceDate "2023.10.10"]
[SourceVersion "1"]
[SourceVersionDate "2023.10.10"]
[SourceQuality "1"]

1. d4 d6 2. e4 Nf6 3. Nc3 g6 4. Nf3 Bg7 5. Be2 0-0 6. 0-0 Bg4 7. h3 Bxf3 8. Bxf3 e5 9. dxe5 dxe5 10. Bg5 c6 11. Qxd8 Rxd8 12. Rad1 Nbd7 13. Rd2 Nc5 14. Rfd1 Ne6 15. Bxf6 Bxf6 16. Be2 Rxd2 17. Rxd2 Rd8 18. Rxd8+ Bxd8 19. Nd1 Nc5 20. f3 Bb6 21. Kf1 Ne6 22. c3 Nf4 23. Bc4 a5 24. a4 Kf8 25. Nf2 h5 26. g3 Bxf2 27. gxf4 Bg3 28. fxe5 Bxe5 29. Ke2 Bf4 30. Kd3 c5 31. Bd5 b6 32. Kc4 f6 33. Kb5 Bc7 34. Kc6 Bd8 35. Kd7 Be7 36. f4 g5 37. fxg5 fxg5 38. Kc7 g4 39. hxg4 hxg4 40. Kxb6 Bd8+ 41. Kxc5 Bc7 42. Kd4 Be5+ 43. Kxe5 g3 44. b4 axb4 45. cxb4 g2 46. b5 g1Q 47. Kd6 Qb6+ 48. Bc6 Qd4+ 49. Kc7 Qa7+ 50. Kd6 Qxa4 51. b6 Qb4+ 52. Kc7 Ke7 53. b7 Qa5+ 54. Kb8 Kd8 55. Bd5 Kd7 0-1